| 000 | 00864nam a2200241 a 4500 | ||
|---|---|---|---|
| 005 | 20241003063710.0 | ||
| 008 | 070509s2005 es r 000 0 spa d | ||
| 020 | _a8449317819 | ||
| 035 | _aUPN01000150245 | ||
| 049 | _aCG | ||
| 050 | 4 |
_aBF637 C4.5 _bC3.3 |
|
| 100 | 1 | _aCava, Roberta | |
| 245 | 1 | 0 |
_aCómo tratar con personas difíciles : _bhacer frente a las demandas de los clientes malhumorados, los jefes exigentes y los compañeros problemáticos / _cRoberta Cava. |
| 260 |
_aBarcelona, Esp. : _bPaidós, _c2005. |
||
| 300 | _a284 p. | ||
| 440 | 0 |
_aDivulgación. _pAutoayuda ; _v225 |
|
| 534 |
_pTítulo original: _tDealing with difficult people |
||
| 650 | 4 |
_aComunicación interpersonal _96549 |
|
| 650 | 2 |
_aTrabajo _xAspectos psicológicos _99033 |
|
| 650 | 4 |
_aCONFLICTOS INTERPERSONALES _911594 |
|
| 905 | _aLibro | ||
| 999 |
_c122386 _d122386 |
||